000 00367nam a2200145 i 4500
001 bg
100 1 _aŁunarski, Jerzy.
245 0 _aTechnologia budowy maszyn.
_nCz.1 /
_cJerzy Łunarski, Grzegorz Banaś.
260 _aRzeszów,
_c1988.
700 1 _aBanaś, Grzegorz.
040 _cBPK
041 _apol
942 _cKS
008 s pl f |000 0 pol
999 _c3887
_d3887
856 _uhttp://koha.tu.koszalin.pl/cgi-bin/koha/opac-detail.pl?biblionumber=3887
_yKatalog online BPK